| 000 | 00659nam a2200205Ia 4500 | ||
|---|---|---|---|
| 003 | GCL | ||
| 005 | 20240530105620.0 | ||
| 008 | 140319s9999 xx 000 0 ara d | ||
| 040 |
_aGCL / _cGCL |
||
| 082 | 0 | 4 |
_a629.287 _bا م |
| 100 | 1 | _aاحمد ناصيف | |
| 245 | 1 | 0 |
_aمحركات السيارات / _cاحمد ناصيف |
| 250 | _aط2 | ||
| 260 |
_aدمشق : _bدار الكتاب العربى ، _c1991 |
||
| 300 |
_a367 ص ؛ _c24 سم |
||
| 490 |
_aالمكتبة العلمية الحديثة للسيارات والمحرك _v1 |
||
| 650 | 0 | 4 | _aهندسة السيارات |
| 650 | 0 | 4 | _aميكانيكا السيارات |
| 942 |
_2ddc _cBK |
||
| 999 |
_c56896 _d56896 |
||